| 000 | 00829cam a2200301 4500 | ||
|---|---|---|---|
| 008 | 090401t1997 xxu||||| |||| 00| 0 eng d | ||
| 020 | _a0860174786 | ||
| 035 | _a(Sirsi) u82813 | ||
| 041 | _aeng | ||
| 050 | _a526.96 | ||
| 100 | _aSadgrove, B.M. | ||
| 245 | _aSetting-out procedures. | ||
| 250 | _a2nd ed. | ||
| 260 |
_aLondon _bCIRIA _c1997 |
||
| 300 | _a141p. : ill. ; 21x11cm. | ||
| 350 | _a26 | ||
| 490 |
_aCIRIA Special Publication _v145 |
||
| 650 | _aDRAINS | ||
| 650 | _aPROPERTY-INFRASTRUCTURE-TRANSPORT INFRASTRUCTURE-ROAD INFRASTRUCTURE | ||
| 650 | _aSETTING-OUT | ||
| 650 | _aSEWERS | ||
| 650 | _aSITE MEASUREMENTS | ||
| 650 | _aTUNNELS | ||
| 690 | _aMAPPING AND MEASUREMENT | ||
| 710 |
_aConstruction Industry Research and Information Association _94810 |
||
| 942 | _n0 | ||
| 948 | _c19/12/1997 | ||
| 999 |
_c96838 _d96838 |
||